00867nam a2200241Ia 4500003000400000005001700004008004100021020001800062040001800080041000800098082002000106100002700126245004800153250001200201260004600213300002700259650004700286650003800333650003900371942002900410999001900439952016700458OSt20251030114800.0210716s2018 xx 000 0 und d a9788126577040 cAIMIT LIBRARY aeng a005.8 21bBEAK aBeaver, Kevin.9243229 aHacking : bfor dummies /cBy Kevin Beaver. a6th ed. aNew Delhi :bWiley India Pvt Ltd ,c2018. axiv,392p. ;bPBc24 cm aPutting security testing in motion9243230 aHacking operating systems9243231 aSecurity testing aftermath9243232 2ddccBKe6thk005.8 BEAK c197223d197223 00102ddc40708MCAaAIMITbAIMITeKnowledge Worldg599.00iBill no:929; Bill dt:2020-03-16l0o005.8 BEAKpMCA16738r2025-07-21 00:00:00v449.25w2021-07-16yBK